Геохимия титана

Dades bibliogràfiques
Autor principal: Юдович Я. Э.
Autor corporatiu: Российская академия наук (РАН) Уральское отделение (УрО) Коми научный центр (КомиНЦ) Институт геологии (ИГ)
Altres autors: Кетрис М. П., Рыбина Н. В.
Sumari:В монографии четыре части: 1) титан в эндогенных образованиях (магматических горных породах, гидротермалитах, метаморфитах и метасоматитах); 2) титан в биосфере (в живом и органическом веществе, в почвах, корах выветривания, водах и осадках); 3) титан в горных породах стратисферы (терригенных и вулканогенных, кремнистых, карбонатных и некоторых других, а также в углеродистых биолитах — углях и черных сланцах); 4) титан как геохимический индикатор. Четвертая часть монографии неоригинальна — в ней реферируются результаты, ранее уже опубликованные в книгах "Основы литохимии" (2000) и "Геохимические индикаторы литогенеза" (2011), но большинство результатов в первых трех частях монографии являются новыми. На основании статистической обработки около 3470 выборочных средних, отвечающих около 125.000 единичных анализов, оценены кларки титана, титанового модуля (ТМ = TiO,/Al,03) и нового фосфор-титанового модуля (ФТМ = Р,05/ТЮ2) для основных групп горных пород, причем для некоторых — впервые. Выполненная работа позволила сделать ряд выводов, в том числе и таких, кото­рые требуют определенной ревизии прежних оценок.
Idioma:rus
Publicat: Сыктывкар, Геопринт, 2018
Matèries:
Format: MixedMaterials Llibre
KOHA link:https://koha.lib.tpu.ru/cgi-bin/koha/opac-detail.pl?biblionumber=341483

MARC

LEADER 00000nam0a2200000 4500
001 341483
005 20231102005341.0
010 |a 9785984910743 
035 |a (RuTPU)RU\TPU\book\369492 
090 |a 341483 
100 |a 20181001d2018 k y0rusy50 ca 
101 0 |a rus 
102 |a RU 
105 |a a z 001zy 
200 1 |a Геохимия титана  |f Я. Э. Юдович, М. П. Кетрис, Н. В. Рыбина  |g Российская академия наук (РАН), Уральское отделение (УрО), Коми научный центр (КомиНЦ), Институт геологии (ИГ) 
210 |a Сыктывкар  |c Геопринт  |d 2018 
215 |a 432 с.  |c ил. 
320 |a Библиогр.: с. 396-424 
320 |a Имен. указ.: с. 425-427 
330 |a В монографии четыре части: 1) титан в эндогенных образованиях (магматических горных породах, гидротермалитах, метаморфитах и метасоматитах); 2) титан в биосфере (в живом и органическом веществе, в почвах, корах выветривания, водах и осадках); 3) титан в горных породах стратисферы (терригенных и вулканогенных, кремнистых, карбонатных и некоторых других, а также в углеродистых биолитах — углях и черных сланцах); 4) титан как геохимический индикатор. Четвертая часть монографии неоригинальна — в ней реферируются результаты, ранее уже опубликованные в книгах "Основы литохимии" (2000) и "Геохимические индикаторы литогенеза" (2011), но большинство результатов в первых трех частях монографии являются новыми. На основании статистической обработки около 3470 выборочных средних, отвечающих около 125.000 единичных анализов, оценены кларки титана, титанового модуля (ТМ = TiO,/Al,03) и нового фосфор-титанового модуля (ФТМ = Р,05/ТЮ2) для основных групп горных пород, причем для некоторых — впервые. Выполненная работа позволила сделать ряд выводов, в том числе и таких, кото­рые требуют определенной ревизии прежних оценок. 
606 1 |a Титан  |x Геохимия  |2 stltpush  |3 (RuTPU)RU\TPU\subj\60736  |9 77968 
610 1 |a магматические горные породы 
610 1 |a гидротермалиты 
610 1 |a метаморфиты 
610 1 |a метасоматиты 
610 1 |a биосфера 
610 1 |a стратисфера 
610 1 |a геохимические индикаторы 
675 |a 550.42:546.8  |v 4 
700 1 |a Юдович  |b Я. Э. 
701 1 |a Кетрис  |b М. П. 
701 1 |a Рыбина  |b Н. В. 
712 0 2 |a Российская академия наук (РАН)  |b Уральское отделение (УрО)  |b Коми научный центр (КомиНЦ)  |b Институт геологии (ИГ)  |c (Сыктывкар)  |c (1991- )  |2 stltpush  |3 (RuTPU)RU\TPU\col\7925 
801 1 |a RU  |b 63413507  |c 20181001 
801 2 |a RU  |b 63413507  |c 20181012  |g RCR 
942 |c BK